000 01809cab a2200433 4500
001 ABS59063
008 090401t1998 xxu||||| |||| 00| 0 eng d
035 _a(Sirsi) u87861
041 _aeng
100 _aWilliams, D.
245 2 _aA question of consent
260 _c1998
350 _a0
490 _aEstates Gazette
_v(9831) 1 August 1998, 92-94(3)
520 _aSummarises recent developments relating to agreements to assignments. Discusses case law on assignments and sublettinginvolving change of use, unauthorised alterations, landlords` entitlement to request information, time limits, guarantees, replacement sureties, direct covenants, qualified covenants and effect on reversionary value.
650 _aASSIGNMENT
650 _aBLOCKBUSTER ENTERTAINMENT LTD V LEAKCLIFF PROPERTIES LTD
650 _aBRS NORTHERN LTD V TEMPLEHEIGHTS LTD
650 _aCROWN ESTATE COMMISSIONERS V SIGNET GROUP
650 _aDEED OF VARIATION
650 _aDOUG BANG MINERVA (UK)LTD V DAVINA LTD
650 _aGUARANTEES
650 _aINTERNATIONAL DRILLING FLUIDS LTD V LOUISVILLE INVESTMENTS (UXBRIDGE) LTD
650 _aNEXT PLC V NATIONAL FARMERS UNION MUTUAL INSURANCE CO LTD AND ANOTHER
650 _aNORWICH UNION LIFE INSURANCE SOCIETY V SHOPMOOR LTD
650 _aQUALIFIED COVENANTS
650 _aRELEVANT INFORMATION
650 _aREVERSIONARY VALUE
650 _aROUX RESTAURANTS LTD V JAISON PROPERTY DEVELOPMENT CO LTD
650 _aSANCTUARY HOUSING ASSOCIATION V BAKER
650 _aSTOREHOUSE PROPERTIES LTD V OCOBASE LTD
650 _aSTRAUDLEY INVESTMENTS LTD V MOUNT EDEN LAND LTD
650 _aSUB-LETTING
650 _aSURETIES
650 _aUNAUTHORISED ALTERATIONS
690 _aLandlord and tenant
_96252
942 _n0
948 _c05/08/1998
999 _c55458
_d55458